[Event "HUN-chT2 Breyer 2223"]
[Site "Hungary"]
[Date "2023.01.29"]
[Round "6.2"]
[White "Simonics, Peter"]
[Black "Bereczki, Janos"]
[Result "1/2-1/2"]
[WhiteElo "2088"]
[BlackElo "2063"]
[PlyCount "51"]
[EventDate "2022.10.16"]
[EventType "team-tourn"]
[EventRounds "11"]
[EventCountry "HUN"]
[SourceTitle "EXT 2025"]
[Source "ChessBase"]
[SourceDate "2024.10.14"]
[SourceVersion "1"]
[SourceVersionDate "2024.10.14"]
[SourceQuality "1"]
[WhiteTeam "Tatabanya"]
[BlackTeam "Nyergesujfalu"]
[WhiteTeamCountry "HUN"]
[BlackTeamCountry "HUN"]

1. e4 e6 2. d4 d5 3. e5 c5 4. c3 Nc6 5. Nf3 Qb6 6. a3 Bd7 7. b4 cxd4 8. cxd4 f6 9. Bd3 fxe5 10. dxe5 Nh6 11. 0-0 Nf7 12. Re1 g6 13. Bf4 Bg7 14. Nc3 0-0 15. Ra2 Nd4 16. Nxd4 Qxd4 17. Ne2 Qb6 18. Ng3 Qd8 19. Qg4 Nh6 20. Bxh6 Bxh6 21. Nh5 Bg5 22. h4 Bxh4 23. Bxg6 Qg5 24. Qxg5 Bxg5 25. Bd3 Be8 26. Be2 1/2-1/2

[Event "HUN-chT2 Breyer 2122"]
[Site "Hungary"]
[Date "2022.02.17"]
[Round "6"]
[White "Palczert, Matyas"]
[Black "Bereczki, Janos"]
[Result "1-0"]
[WhiteElo "2204"]
[BlackElo "2077"]
[PlyCount "49"]
[EventDate "2021.10.10"]
[EventType "team-tourn"]
[EventRounds "9"]
[EventCountry "HUN"]
[SourceTitle "EXT 2025"]
[Source "ChessBase"]
[SourceDate "2024.10.14"]
[SourceVersion "1"]
[SourceVersionDate "2024.10.14"]
[SourceQuality "1"]
[WhiteTeam "Barcza BEAC"]
[BlackTeam "Nyergesujfalu"]
[WhiteTeamCountry "HUN"]
[BlackTeamCountry "HUN"]

1. e4 e6 2. d4 d5 3. Nc3 Nf6 4. e5 Nfd7 5. f4 c5 6. Nf3 Nc6 7. Be3 a6 8. Qd2 g6 9. dxc5 Bxc5 10. 0-0-0 Qe7 11. Nd4 Nxd4 12. Bxd4 Bxd4 13. Qxd4 Qc5 14. Qd2 Qc7 15. g4 h5 16. gxh5 Rxh5 17. h4 Nf8 18. Be2 Rh7 19. h5 gxh5 20. Rxh5 Rg7 21. f5 Bd7 22. fxe6 fxe6 23. Rg5 Rh7 24. Bh5+ Kd8 25. Qf2 1-0

[Event "HUN-chT2 Breyer 1819"]
[Site "Hungary"]
[Date "2018.12.02"]
[Round "3.2"]
[White "Bereczki, Janos"]
[Black "Sarok, Peter"]
[Result "0-1"]
[WhiteElo "2097"]
[BlackElo "2106"]
[PlyCount "118"]
[EventDate "2018.10.28"]
[EventType "team-tourn"]
[EventRounds "9"]
[EventCountry "HUN"]
[SourceTitle "CBM 189 Extra"]
[Source "ChessBase"]
[SourceDate "2019.05.31"]
[SourceVersion "1"]
[SourceVersionDate "2019.05.31"]
[SourceQuality "1"]
[WhiteTeam "Nyergesujfalu"]
[BlackTeam "Kisber Aszar"]
[WhiteTeamCountry "HUN"]
[BlackTeamCountry "HUN"]

1. d4 d5 2. c4 e6 3. Nc3 Nf6 4. Nf3 Be7 5. g3 0-0 6. Bg2 dxc4 7. 0-0 Nc6 8. e3 Rb8 9. Nd2 Na5 10. Qa4 c5 11. Nxc4 Nxc4 12. Qxc4 Qa5 13. dxc5 Bxc5 14. Bd2 Qb4 15. Qxb4 Bxb4 16. Ne4 Bxd2 17. Nxd2 b6 18. Rfc1 Rd8 19. Nf3 Bb7 20. Ne5 Bxg2 21. Kxg2 Rb7 22. Rc4 Kf8 23. Rac1 Ne8 24. R1c2 f6 25. Nc6 Rdd7 26. Nd4 Nd6 27. Rc6 e5 28. Ne6+ Kf7 29. Nc7 Nf5 30. Nb5 a6 31. Na3 Ne7 32. R6c3 b5 33. Nb1 Nd5 34. Ra3 Nb4 35. Rd2 Ke7 36. Kf1 Rbc7 37. Ke2 Rxd2+ 38. Nxd2 Rc2 39. Ra5 Rxb2 40. a3 Nd5 41. Rxa6 f5 42. Ra7+ Kf6 43. Ra6+ Kf7 44. Rd6 Nf6 45. f3 e4 46. Kd1 Ra2 47. Rb6 Nd5 48. Rb7+ Kg6 49. fxe4 Nxe3+ 50. Ke1 Nc2+ 51. Kd1 fxe4 52. Nxe4 Nxa3 53. h3 h6 54. Nd6 Rf2 55. Ne8 Rf7 56. Rb6+ Kh7 57. Rb8 Re7 58. g4 Nc4 59. Kc2 Kg6 0-1

[Event "HUN-chT2 Breyer 1819"]
[Site "Hungary"]
[Date "2018.11.18"]
[Round "2.1"]
[White "Bereczki, Janos"]
[Black "Persanyi, Barnabas"]
[Result "0-1"]
[WhiteElo "2097"]
[BlackElo "2270"]
[PlyCount "54"]
[EventDate "2018.10.28"]
[EventType "team-tourn"]
[EventRounds "9"]
[EventCountry "HUN"]
[SourceTitle "CBM 189 Extra"]
[Source "ChessBase"]
[SourceDate "2019.05.31"]
[SourceVersion "1"]
[SourceVersionDate "2019.05.31"]
[SourceQuality "1"]
[WhiteTeam "Nyergesujfalu"]
[BlackTeam "Zsambek"]
[WhiteTeamCountry "HUN"]
[BlackTeamCountry "HUN"]

1. d4 Nf6 2. Nf3 e6 3. g3 c5 4. Bg2 cxd4 5. Nxd4 d5 6. c4 e5 7. Nb3 d4 8. 0-0 Nc6 9. Bg5 Be7 10. e3 Bg4 11. f3 Be6 12. N1d2 dxe3 13. Bxe3 Qd3 14. Re1 Rd8 15. Bf1 Qg6 16. Nc5 Bxc5 17. Bxc5 h5 18. Qe2 h4 19. g4 b6 20. Bf2 Nxg4 21. fxg4 Bxg4 22. Qe3 Bf3+ 23. Bg3 Rxd2 24. Qxd2 hxg3 25. h3 g2 26. Bd3 Qg3 27. Be4 Rxh3 0-1

[Event "Zalakaros op 37th"]
[Site "Zalakaros"]
[Date "2018.06.02"]
[Round "9"]
[White "Bereczki, Janos"]
[Black "Kernazhitsky, Leonid"]
[Result "1/2-1/2"]
[WhiteElo "2099"]
[BlackElo "2250"]
[PlyCount "77"]
[EventDate "2018.05.25"]
[EventType "swiss"]
[EventRounds "9"]
[EventCountry "HUN"]
[SourceTitle "CBM 184 Extra"]
[Source "ChessBase"]
[SourceDate "2018.06.28"]
[SourceVersion "1"]
[SourceVersionDate "2018.06.28"]
[SourceQuality "1"]

1. d4 d5 2. c4 dxc4 3. e3 a6 4. Bxc4 Nf6 5. Nf3 e6 6. 0-0 c5 7. dxc5 Bxc5 8. Qxd8+ Kxd8 9. a3 Nc6 10. b4 Bd6 11. Bb2 Ke7 12. Nbd2 b6 13. Be2 Bb7 14. Rac1 Rac8 15. Nc4 Bc7 16. Nd4 Nxd4 17. Bxd4 Nd7 18. a4 e5 19. Bb2 f6 20. b5 Nc5 21. Ba3 axb5 22. Na5 b4 23. Bxb4 bxa5 24. Bxc5+ Bd6 25. Bxd6+ Kxd6 26. Rfd1+ Ke7 27. Bg4 Rxc1 28. Rxc1 Kd6 29. Rd1+ Kc5 30. Rc1+ Kb6 31. Rb1+ Kc7 32. Rc1+ Kb8 33. Rc5 Rd8 34. Rxa5 Bc6 35. h4 Kb7 36. Rc5 Bxa4 37. Bf3+ Kb6 38. Rc1 Bb5 39. Be4 1/2-1/2

[Event "Zalakaros op 37th"]
[Site "Zalakaros"]
[Date "2018.05.26"]
[Round "2"]
[White "Ostovic, Matija"]
[Black "Bereczki, Janos"]
[Result "1-0"]
[WhiteElo "2352"]
[BlackElo "2099"]
[PlyCount "109"]
[EventDate "2018.05.25"]
[EventType "swiss"]
[EventRounds "9"]
[EventCountry "HUN"]
[SourceTitle "CBM 184 Extra"]
[Source "ChessBase"]
[SourceDate "2018.06.28"]
[SourceVersion "1"]
[SourceVersionDate "2018.06.28"]
[SourceQuality "1"]

1. e4 e6 2. d4 d5 3. Nd2 c5 4. exd5 Qxd5 5. Ngf3 cxd4 6. Bc4 Qc5 7. 0-0 Nc6 8. Qe2 Nf6 9. Nb3 Qb6 10. Rd1 Be7 11. Nbxd4 0-0 12. c3 a6 13. Nxc6 Qxc6 14. Bd3 Qc7 15. Bg5 Re8 16. Ne5 g6 17. Bc2 Nd5 18. Bxe7 Qxe7 19. Ng4 Nf6 20. Ne5 Nd7 21. Nc4 b5 22. Na5 Qc5 23. Be4 Ra7 24. b4 Qb6 25. a4 Rc7 26. Qf3 e5 27. Nc6 Nb8 28. a5 Qb7 29. Ne7+ Rcxe7 30. Bxb7 Bxb7 31. Qe3 Nd7 32. Qa7 Nf6 33. Qb6 Nd5 34. Rxd5 Bxd5 35. Qxa6 Bc4 36. Qc6 Re6 37. Qd7 R8e7 38. Qd8+ Kg7 39. Qb8 Re8 40. Qc7 R8e7 41. Qc5 Re8 42. a6 Ra8 43. a7 Ree8 44. Rd1 Rac8 45. Qb6 Re7 46. h4 Ra8 47. Ra1 h5 48. Ra6 Kh7 49. Qc5 Rd7 50. f3 Rd1+ 51. Kh2 Rd7 52. Qb6 Rdd8 53. Qc7 Re8 54. Rb6 Rec8 55. Qxc8 1-0

[Event "HUN-chT2 Breyer 1718"]
[Site "Hungary"]
[Date "2017.09.24"]
[Round "1.2"]
[White "Bereczki, Janos"]
[Black "Borosova, Zuzana"]
[Result "0-1"]
[WhiteElo "2135"]
[BlackElo "2284"]
[PlyCount "79"]
[EventDate "2017.09.24"]
[EventType "team-tourn"]
[EventRounds "11"]
[EventCountry "HUN"]
[SourceTitle "EXT 2021"]
[Source "ChessBase"]
[SourceDate "2020.10.23"]
[SourceVersion "1"]
[SourceVersionDate "2020.10.23"]
[SourceQuality "1"]
[WhiteTeam "Nyergesujfalu"]
[BlackTeam "Kisber Aszar"]
[WhiteTeamCountry "HUN"]
[BlackTeamCountry "HUN"]

1. d4 d5 2. Nf3 Nf6 3. c4 c6 4. Nc3 dxc4 5. a4 Bf5 6. e3 e6 7. Bxc4 Bb4 8. 0-0 Nbd7 9. Qb3 a5 10. Na2 Bd6 11. Qxb7 Rb8 12. Qa6 0-0 13. Be2 Qc7 14. h3 Nd5 15. Bd1 e5 16. Qe2 e4 17. Nd2 Rbe8 18. f3 exf3 19. Rxf3 Bg6 20. Nc4 Bh2+ 21. Kh1 N7f6 22. Bc2 Nh5 23. Qd1 Bg3 24. Bd2 Bxc2 25. Qxc2 Bh4 26. Be1 Bg5 27. Bxa5 Ng3+ 28. Kg1 Qb8 29. Re1 Ne4 30. Ne5 Rxe5 31. dxe5 Qxe5 32. Bd2 Re8 33. a5 Nxd2 34. Qxd2 Bxe3+ 35. Rexe3 Nxe3 36. a6 f5 37. Qc3 Qe4 38. Qd2 f4 39. Qf2 Qa4 40. Nb4 0-1

[Event "HUN-chT2 Breyer 1516"]
[Site "Hungary"]
[Date "2015.12.06"]
[Round "6.1"]
[White "Akots, Gabor"]
[Black "Bereczki, Janos"]
[Result "1-0"]
[WhiteElo "2255"]
[BlackElo "2129"]
[PlyCount "138"]
[EventDate "2015.09.13"]
[EventType "team-tourn"]
[EventRounds "11"]
[EventCountry "HUN"]
[SourceTitle "CBM 170 Extra"]
[Source "ChessBase"]
[SourceDate "2016.02.25"]
[SourceVersion "1"]
[SourceVersionDate "2016.02.25"]
[SourceQuality "1"]
[WhiteTeam "Naszaly Geniusz Tata"]
[BlackTeam "Nyergesujfalu"]
[WhiteTeamCountry "HUN"]
[BlackTeamCountry "HUN"]

1. d4 Nf6 2. c4 e6 3. Nf3 b6 4. g3 Bb7 5. Bg2 d5 6. cxd5 Bxd5 7. 0-0 Be7 8. Nc3 Bb7 9. Re1 0-0 10. e4 Re8 11. e5 Nd5 12. Ne4 Nd7 13. Bg5 f5 14. exf6 gxf6 15. Bh6 Bf8 16. Bxf8 Nxf8 17. Rc1 Rc8 18. Qd2 Kg7 19. h4 Qe7 20. a3 f5 21. Neg5 h6 22. Nh3 Nd7 23. Ne5 Nxe5 24. Rxe5 c5 25. Rce1 Qf7 26. dxc5 Rxc5 27. b4 Rcc8 28. Bxd5 Bxd5 29. Nf4 Bc4 30. Qe3 Rc6 31. b5 Rc7 32. Nxe6+ Bxe6 33. Rxe6 Rxe6 34. Qxe6 Rc5 35. Qd6 Rd5 36. Qc6 Rc5 37. Qd6 Rd5 38. Qc6 Rc5 39. Qe8 Qxe8 40. Rxe8 Kf6 41. Ra8 Rxb5 42. Rxa7 f4 43. gxf4 Rb3 44. Kg2 Kf5 45. a4 Kg4 46. Rg7+ Kxf4 47. Rh7 h5 48. Rxh5 Kg4 49. Rb5 Ra3 50. Rb4+ Kh5 51. f3 Ra1 52. Kf2 Rh1 53. Ke2 Ra1 54. Kd2 Ra3 55. Ke2 Ra2+ 56. Kd3 Ra3+ 57. Kc4 Rxf3 58. Kb5 Rf8 59. Kxb6 Rb8+ 60. Kc5 Rc8+ 61. Kd6 Rc1 62. a5 Ra1 63. Rb5+ Kxh4 64. Kc6 Rf1 65. a6 Rf6+ 66. Kb7 Rf7+ 67. Ka8 Rf8+ 68. Rb8 Rf1 69. a7 Ra1 1-0

[Event "HUN-chT2 Breyer 1415"]
[Site "Hungary"]
[Date "2015.03.22"]
[Round "10.1"]
[White "Bereczki, Janos"]
[Black "Harmatosi, Jozsef"]
[Result "0-1"]
[WhiteElo "2176"]
[BlackElo "2198"]
[PlyCount "80"]
[EventDate "2014.09.07"]
[EventType "team-tourn"]
[EventRounds "11"]
[EventCountry "HUN"]
[SourceTitle "EXT 2016"]
[Source "ChessBase"]
[SourceDate "2015.10.08"]
[SourceVersion "1"]
[SourceVersionDate "2015.10.08"]
[SourceQuality "1"]
[WhiteTeam "Nyergesujfalu"]
[BlackTeam "Szazhalombatta"]
[WhiteTeamCountry "HUN"]
[BlackTeamCountry "HUN"]

1. d4 d6 2. Nf3 Bg4 3. e3 Nd7 4. Be2 Ngf6 5. b3 e5 6. dxe5 dxe5 7. Bb2 Qe7 8. c4 0-0-0 9. 0-0 h6 10. Qc2 Qe6 11. Nc3 Bf5 12. e4 Bh7 13. Rfe1 Bb4 14. Bf1 Nc5 15. a3 Bxc3 16. Qxc3 Nfxe4 17. Qxe5 Qxe5 18. Nxe5 Rd2 19. Rab1 f6 20. Nf3 Rdd8 21. Bd4 Nd2 22. Bxc5 Nxb1 23. Re7 Rd7 24. Re3 b6 25. Bb4 c5 26. Be1 Nxa3 27. Rc3 Nc2 28. Bd2 Nd4 29. Nxd4 Rxd4 30. Be3 Rd1 31. g3 Be4 32. f4 Rhd8 33. Kf2 Rb1 34. Bh3+ f5 35. g4 g6 36. gxf5 gxf5 37. Bf1 Rb2+ 38. Kg3 Rg8+ 39. Kh3 Bg2+ 40. Bxg2 Rgxg2 0-1

[Event "HUN-chT2 Breyer 1415"]
[Site "Hungary"]
[Date "2015.02.08"]
[Round "8.1"]
[White "Bereczki, Janos"]
[Black "Akots, Gabor"]
[Result "1/2-1/2"]
[WhiteElo "2176"]
[BlackElo "2252"]
[PlyCount "24"]
[EventDate "2014.09.07"]
[EventType "team-tourn"]
[EventRounds "11"]
[EventCountry "HUN"]
[SourceTitle "EXT 2016"]
[Source "ChessBase"]
[SourceDate "2015.10.08"]
[SourceVersion "1"]
[SourceVersionDate "2015.10.08"]
[SourceQuality "1"]
[WhiteTeam "Nyergesujfalu"]
[BlackTeam "Geniusz Tata"]
[WhiteTeamCountry "HUN"]
[BlackTeamCountry "HUN"]

1. d4 d5 2. Nf3 Nf6 3. e3 c5 4. c4 cxd4 5. Nxd4 e5 6. Nf3 Nc6 7. cxd5 Qxd5 8. Qxd5 Nxd5 9. a3 Be7 10. Bb5 f6 11. 0-0 Be6 12. e4 Nc7 1/2-1/2

[Event "HUN-chT2 Breyer 1314"]
[Site "Hungary"]
[Date "2014.03.02"]
[Round "6"]
[White "Bereczki, Janos"]
[Black "Palkovi, Jozsef"]
[Result "0-1"]
[WhiteElo "2177"]
[BlackElo "2453"]
[PlyCount "64"]
[EventDate "2013.09.08"]
[EventType "team-tourn"]
[EventRounds "9"]
[EventCountry "HUN"]
[SourceTitle "EXT 2016"]
[Source "ChessBase"]
[SourceDate "2015.10.08"]
[SourceVersion "1"]
[SourceVersionDate "2015.10.08"]
[SourceQuality "1"]
[WhiteTeam "Zoltek"]
[BlackTeam "Biatorbagy"]
[WhiteTeamCountry "HUN"]
[BlackTeamCountry "HUN"]

1. d4 Nf6 2. Nf3 c5 3. e3 e6 4. Be2 Be7 5. 0-0 0-0 6. b3 b6 7. Bb2 Bb7 8. c4 d6 9. Nc3 a6 10. Qc2 Nbd7 11. Rad1 cxd4 12. Nxd4 Qc7 13. Qb1 Rab8 14. f4 Rfe8 15. e4 Bf8 16. Bf3 e5 17. Nde2 b5 18. cxb5 axb5 19. fxe5 dxe5 20. Ng3 g6 21. Kh1 b4 22. Nd5 Nxd5 23. exd5 Qb6 24. Bg4 Nc5 25. Be2 f5 26. Bc4 Ba6 27. Qc1 Bxc4 28. Qxc4 Rb7 29. d6+ Kh8 30. Rd5 Nd7 31. Re1 Bg7 32. h4 Qf2 0-1

[Event "Zalakaros op 32nd"]
[Site "Zalakaros"]
[Date "2013.05.29"]
[Round "8"]
[White "Bereczki, Janos"]
[Black "Vrchotka, Josef"]
[Result "1/2-1/2"]
[WhiteElo "2180"]
[BlackElo "2001"]
[PlyCount "128"]
[EventDate "2013.05.22"]
[EventType "swiss"]
[EventRounds "9"]
[EventCountry "HUN"]
[SourceTitle "CBM 154 Extra"]
[Source "ChessBase"]
[SourceDate "2013.06.25"]
[SourceVersion "2"]
[SourceVersionDate "2013.06.25"]
[SourceQuality "1"]

1. d4 d5 2. c4 e6 3. Nf3 Nf6 4. Bg5 c6 5. Nc3 Be7 6. e3 Nbd7 7. Bd3 dxc4 8. Bxc4 b5 9. Bd3 Bb7 10. 0-0 a6 11. Bxf6 Nxf6 12. Ne4 Nxe4 13. Bxe4 Qb6 14. Rc1 Rc8 15. Ne5 Bd6 16. Nd3 0-0 17. Nc5 Rc7 18. b4 Ra8 19. a3 Bc8 20. Nb3 Bd7 21. f4 g6 22. Rc3 Kg7 23. Rf2 f6 24. Rfc2 Be8 25. Na5 Rac8 26. g3 h5 27. Qc1 e5 28. Nb3 exd4 29. Nxd4 Bf7 30. Rxc6 Rxc6 31. Rxc6 Rxc6 32. Qxc6 Qxc6 33. Bxc6 Bc7 34. Bb7 a5 35. Nxb5 axb4 36. axb4 Bb6 37. Kf2 Kf8 38. Bc6 Ke7 39. Kf3 Bb3 40. Nd4 Bd1+ 41. Ke4 Kd6 42. Be8 g5 43. Nf5+ Kc7 44. fxg5 fxg5 45. Ng7 h4 46. Ne6+ Kd6 47. Nxg5 hxg3 48. hxg3 Ke7 49. Bc6 Bc7 50. b5 Bxg3 51. b6 Kd6 52. Bd5 Bc2+ 53. Kd4 Be5+ 54. Kc4 Bd3+ 55. Kxd3 Kxd5 56. Nf7 Bh2 57. Nd8 Kc5 58. b7 Kb6 59. e4 Kc7 60. b8Q+ Kxb8 61. Kd4 Kc7 62. Nf7 Kd7 63. Kd5 Ke7 64. Ng5 Bf4 1/2-1/2

[Event "Zalakaros op 32nd"]
[Site "Zalakaros"]
[Date "2013.05.28"]
[Round "7"]
[White "Bereczki, Janos"]
[Black "Kende, Gyorgy"]
[Result "0-1"]
[WhiteElo "2180"]
[BlackElo "2171"]
[PlyCount "112"]
[EventDate "2013.05.22"]
[EventType "swiss"]
[EventRounds "9"]
[EventCountry "HUN"]
[SourceTitle "CBM 154 Extra"]
[Source "ChessBase"]
[SourceDate "2013.06.25"]
[SourceVersion "2"]
[SourceVersionDate "2013.06.25"]
[SourceQuality "1"]

1. d4 Nf6 2. Nf3 c5 3. e3 e6 4. Be2 d5 5. 0-0 Nc6 6. b3 Be7 7. Bb2 0-0 8. dxc5 Bxc5 9. c4 Qe7 10. Nc3 dxc4 11. Bxc4 Rd8 12. Qe2 a6 13. a4 Bd7 14. Ng5 Na5 15. Nce4 Nxe4 16. Nxe4 Nxc4 17. Qxc4 Bb4 18. Ng3 Bc6 19. Qg4 f5 20. Qh3 Rd7 21. Nh5 Qg5 22. Nf4 Re8 23. Rfd1 Bd6 24. Qh5 Qxh5 25. Nxh5 Red8 26. Kh1 Kf7 27. Ng3 Bxg3 28. Rxd7+ Rxd7 29. hxg3 Rd2 30. Be5 Rxf2 31. Rg1 Re2 32. Bd4 Rc2 33. a5 g5 34. b4 h5 35. Kh2 Kg6 36. Kh3 g4+ 37. Kh2 Kg5 38. Bc5 Kf6 39. Bb6 Be4 40. Bc5 Ke5 41. Ba7 Kd5 42. Bb6 Kc4 43. Bc5 Kb5 44. Bd6 Rd2 45. Be7 Re2 46. Bc5 Bc6 47. Kh1 Kc4 48. Kh2 Rd2 49. Rc1+ Kd3 50. Rg1 Be4 51. Bb6 Ke2 52. Rc1 Kf2 53. Rg1 Rd7 54. Ra1 Rd2 55. Rc1 h4 56. gxh4 g3+ 0-1

[Event "Zalakaros op 32nd"]
[Site "Zalakaros"]
[Date "2013.05.23"]
[Round "2"]
[White "Friml, Antonin"]
[Black "Bereczki, Janos"]
[Result "0-1"]
[WhiteElo "2124"]
[BlackElo "2180"]
[PlyCount "136"]
[EventDate "2013.05.22"]
[EventType "swiss"]
[EventRounds "9"]
[EventCountry "HUN"]
[SourceTitle "CBM 154 Extra"]
[Source "ChessBase"]
[SourceDate "2013.06.25"]
[SourceVersion "2"]
[SourceVersionDate "2013.06.25"]
[SourceQuality "1"]

1. d4 d5 2. Nc3 Nf6 3. Bg5 Bf5 4. e3 c6 5. Bd3 Bxd3 6. Qxd3 e6 7. Nf3 Be7 8. Ne5 0-0 9. 0-0 Nbd7 10. f4 Nxe5 11. fxe5 Nd7 12. Bxe7 Qxe7 13. Rae1 f6 14. exf6 Rxf6 15. Rxf6 Qxf6 16. Rf1 Qe7 17. e4 Rf8 18. Rxf8+ Nxf8 19. a3 Qg5 20. Ne2 Qh4 21. Ng3 Qf4 22. exd5 Qc1+ 23. Kf2 exd5 24. b4 Qf4+ 25. Kg1 g6 26. Ne2 Qg5 27. b5 Qe7 28. bxc6 bxc6 29. g3 Ne6 30. Qc3 c5 31. Qe3 Qd6 32. Kg2 Kf7 33. Qf3+ Ke7 34. dxc5 Qxc5 35. Qb3 h5 36. h4 d4 37. Qd3 Kf6 38. Kf3 Qf5+ 39. Qxf5+ Kxf5 40. Nc1 g5 41. Nd3 a6 42. Nb4 g4+ 43. Ke2 Nc5 44. Kf2 Ke6 45. Nd3 Ne4+ 46. Kg2 Kd6 47. Nf4 Nf6 48. Kf2 Kc5 49. Ke2 Kc4 50. Kd1 Kc3 51. Kc1 d3 52. cxd3 Kb3 53. Kd2 Kxa3 54. Kc3 a5 55. Ne2 a4 56. Nf4 Ka2 57. Kc2 a3 58. d4 Ne4 59. Nxh5 Nd6 60. Nf4 Nf5 61. Ne2 Ne3+ 62. Kd3 Kb2 63. Nc3 Nd5 64. h5 Nxc3 65. h6 a2 66. h7 a1Q 67. h8Q Qf1+ 68. Ke3 Qf3+ 0-1

[Event "HUN-chT2 Breyer 1213"]
[Site "Hungary"]
[Date "2013.01.27"]
[Round "7.1"]
[White "Bereczki, Janos"]
[Black "Juhasz, Mark"]
[Result "1-0"]
[WhiteElo "2180"]
[BlackElo "2155"]
[PlyCount "81"]
[EventDate "2012.09.16"]
[EventType "team-tourn"]
[EventRounds "11"]
[EventCountry "HUN"]
[SourceTitle "EXT 2014"]
[Source "ChessBase"]
[SourceDate "2013.11.20"]
[SourceVersion "1"]
[SourceVersionDate "2013.11.20"]
[SourceQuality "1"]
[WhiteTeam "Zoltek"]
[BlackTeam "Zsambek"]
[WhiteTeamCountry "HUN"]
[BlackTeamCountry "HUN"]

1. d4 d5 2. Nf3 c5 3. e3 Nf6 4. c4 e6 5. Nc3 a6 6. dxc5 Bxc5 7. a3 0-0 8. b4 Ba7 9. c5 Nc6 10. Bb2 e5 11. Be2 e4 12. Nd4 Ne5 13. h3 Qe7 14. Qc2 Ng6 15. Na4 Bd7 16. Qb3 Rad8 17. Rc1 Ne5 18. Nc3 Bc8 19. Nb1 Ne8 20. Nc3 Qg5 21. g3 Nf6 22. Na4 Bb8 23. Nb6 Be6 24. c6 Bc7 25. Na4 bxc6 26. Nc5 Bd7 27. Nxd7 Rxd7 28. Nxc6 Nc4 29. h4 Qh6 30. Bxc4 dxc4 31. Rxc4 Rd3 32. Rc3 Bxg3 33. Rxd3 Bxf2+ 34. Kxf2 exd3 35. Ne7+ Kh8 36. Qxd3 Ng4+ 37. Kf3 Qh5 38. Qf5 Ne5+ 39. Ke4 Qe2 40. Bxe5 Qc2+ 41. Kf3 1-0

[Event "Zalakaros op 31st"]
[Site "Zalakaros"]
[Date "2012.06.13"]
[Round "6"]
[White "Bereczki, Janos"]
[Black "Kende, Gyorgy"]
[Result "1-0"]
[WhiteElo "2175"]
[BlackElo "2246"]
[PlyCount "93"]
[EventDate "2012.06.08"]
[EventType "swiss"]
[EventRounds "9"]
[EventCountry "HUN"]
[SourceTitle "EXT 2014"]
[Source "ChessBase"]
[SourceDate "2013.11.20"]
[SourceVersion "1"]
[SourceVersionDate "2013.11.20"]
[SourceQuality "1"]

1. d4 Nf6 2. Nf3 c5 3. e3 b6 4. Be2 g6 5. 0-0 Bg7 6. b3 0-0 7. Bb2 Bb7 8. c4 d6 9. Nc3 Nbd7 10. d5 a6 11. a4 Qc7 12. Qc2 e5 13. e4 Rae8 14. Ne1 Qd8 15. Nd3 Nh5 16. Bxh5 gxh5 17. Qe2 f5 18. exf5 Rxf5 19. Ne4 Nf6 20. f3 Bc8 21. Ndf2 h4 22. Bc1 Nh5 23. Nd3 Ref8 24. Ra2 Qe7 25. Be3 Bd7 26. b4 Nf4 27. Bxf4 exf4 28. a5 Bd4+ 29. Kh1 b5 30. bxc5 dxc5 31. d6 Qf7 32. cxb5 Bxb5 33. Rd1 Re8 34. Ra3 h3 35. gxh3 Bc6 36. Ndf2 Kh8 37. Rxd4 cxd4 38. Qxa6 Bb5 39. Qb6 Qc4 40. Ra1 Rd5 41. d7 Rxd7 42. Qf6+ Rg7 43. Qxf4 Qe2 44. Qf6 Bc6 45. Rg1 Reg8 46. Rxg7 Qf1+ 47. Rg1+ 1-0

[Event "Zalakaros op 31st"]
[Site "Zalakaros"]
[Date "2012.06.12"]
[Round "5"]
[White "Nemeth, Gergely"]
[Black "Bereczki, Janos"]
[Result "0-1"]
[WhiteElo "1986"]
[BlackElo "2175"]
[PlyCount "88"]
[EventDate "2012.06.08"]
[EventType "swiss"]
[EventRounds "9"]
[EventCountry "HUN"]
[SourceTitle "EXT 2014"]
[Source "ChessBase"]
[SourceDate "2013.11.20"]
[SourceVersion "1"]
[SourceVersionDate "2013.11.20"]
[SourceQuality "1"]

1. e4 e6 2. d4 d5 3. Nc3 Nf6 4. Bg5 dxe4 5. Nxe4 Be7 6. Nc3 0-0 7. Bd3 Nc6 8. Nge2 b6 9. Qd2 Bb7 10. f3 Nb4 11. Bc4 c5 12. 0-0-0 Rc8 13. a3 cxd4 14. Qxd4 Qxd4 15. Rxd4 Nc6 16. Rd2 h6 17. Be3 Rfd8 18. Rhd1 Rxd2 19. Rxd2 Ne5 20. Bb3 Bxf3 21. gxf3 Nxf3 22. Rd3 Nxh2 23. Nb5 Ra8 24. c4 Nhg4 25. Bd2 Ne5 26. Rh3 a6 27. Nbd4 Rc8 28. Bf4 Nxc4 29. Rc3 b5 30. Bxc4 bxc4 31. Nf3 Nd5 32. Rc2 g5 33. Bd2 f6 34. Ned4 Kf7 35. Be1 Rc7 36. Rh2 Bf8 37. Ne2 Kg6 38. Ng3 Bd6 39. Nd4 Nf4 40. Kd1 Nd3 41. Rg2 Bxg3 42. Bxg3 Rd7 43. Nxe6 Nf4+ 44. Kc2 Nxe6 0-1

[Event "Zalakaros op 31st"]
[Site "Zalakaros"]
[Date "2012.06.11"]
[Round "4"]
[White "Bereczki, Janos"]
[Black "Vrchotka, Josef"]
[Result "1/2-1/2"]
[WhiteElo "2175"]
[BlackElo "2059"]
[PlyCount "60"]
[EventDate "2012.06.08"]
[EventType "swiss"]
[EventRounds "9"]
[EventCountry "HUN"]
[SourceTitle "EXT 2014"]
[Source "ChessBase"]
[SourceDate "2013.11.20"]
[SourceVersion "1"]
[SourceVersionDate "2013.11.20"]
[SourceQuality "1"]

1. d4 d5 2. c4 e6 3. Nc3 Nf6 4. Nf3 c6 5. g3 Be7 6. Bg2 0-0 7. 0-0 Nbd7 8. b3 b6 9. Bb2 Ba6 10. Nd2 Rb8 11. a3 Bb7 12. e4 dxe4 13. Ndxe4 Nxe4 14. Nxe4 Qc7 15. Re1 Rbd8 16. Qc2 Nf6 17. Ng5 h6 18. Nf3 Rfe8 19. b4 Nd7 20. Qb3 Bf6 21. Ne5 Bxe5 22. dxe5 c5 23. Bxb7 Qxb7 24. Rad1 Qc7 25. b5 Nf8 26. Qc3 Rxd1 27. Rxd1 Rd8 28. Rd6 Rd7 29. f4 Qd8 30. Qd3 Rxd6 1/2-1/2

[Event "HUN-chT2 Breyer 1112"]
[Site "Hungary"]
[Date "2012.01.29"]
[Round "5.1"]
[White "Harmatosi, Jozsef"]
[Black "Bereczki, Janos"]
[Result "1/2-1/2"]
[WhiteElo "2249"]
[BlackElo "2175"]
[PlyCount "65"]
[EventDate "2011.09.25"]
[EventType "team-tourn"]
[EventRounds "11"]
[EventCountry "HUN"]
[SourceTitle "EXT 2013"]
[Source "ChessBase"]
[SourceDate "2012.11.22"]
[SourceVersion "1"]
[SourceVersionDate "2012.11.22"]
[SourceQuality "1"]
[WhiteTeam "Szazhalombatta"]
[BlackTeam "Zoltek"]
[WhiteTeamCountry "HUN"]
[BlackTeamCountry "HUN"]

1. d4 d5 2. Nf3 Nf6 3. Bf4 c6 4. e3 Bf5 5. Bd3 Bxd3 6. Qxd3 e6 7. Nbd2 Bd6 8. Bg3 Bxg3 9. hxg3 h6 10. Rh4 Nbd7 11. g4 Rf8 12. g3 Qe7 13. g5 hxg5 14. Nxg5 e5 15. 0-0-0 0-0-0 16. Rdh1 Kb8 17. Nh7 Nxh7 18. Rxh7 Rg8 19. Qf5 Qf6 20. Qxf6 Nxf6 21. R7h4 exd4 22. exd4 Rde8 23. Rf4 Re7 24. Kd1 Kc7 25. Re1 Rxe1+ 26. Kxe1 Re8+ 27. Kd1 Kd6 28. Nf3 Re4 29. Rxe4 Nxe4 30. Ke2 f6 31. Ke3 Ke6 32. g4 Nd6 33. Nd2 1/2-1/2